Stadt zu Bundesland #6 - Statistiken

Allgemein
  • Dieses Quiz wurde 125 mal gespielt
  • Das Durchschnittsergebnis liegt bei 10 aus 13
Antwortstatistiken
Stadt Bundesland % Korrekt
Dachau Bayern
94%
Hoyerswerda Sachsen
92%
Nürburg Rheinland-Pfalz
90%
Elmshorn Schleswig-Holstein
87%
Vechta Niedersachsen
85%
Göppingen Baden-Württemberg
83%
Tirschenreuth Bayern
82%
Hagenow Mecklenburg-Vorpommern
80%
Aschersleben Sachsen-Anhalt
80%
Eschweiler Nordrhein-Westfalen
78%
Niedernhausen Hessen
67%
Bad Driburg Nordrhein-Westfalen
64%
Nordkirchen Nordrhein-Westfalen
54%
Keine übereinstimmenden Quizze gefunden
Verteilung der Resultate
Anzahl Personen mit jedem Resultat
Perzentil nach korrekt beantworteten Fragen
Ihre Resultats-Entwicklung
Sie haben dieses Quiz noch nicht gespielt